000 00919nam a2200289 i 4500
001 bg
100 1 _aBAIRD, Sean
245 1 0 _aSQL server - administracja /
_cSean Baird, Chris Miller ; [przekład z ang. Ryszard Jarża, Janusz Miroforidis].
260 _aWrocław :
_bRobomatic,
_ccop. 1999.
300 _a414 s. :
_brys. ;
_c24 cm.
490 1 _aBiblioteka Problemów ;
_v9
504 _aIndeks.
650 9 _aBaza danych
_xbudowa i organizacja
650 9 _aBaza danych
_xochrona
650 9 _aSQL
655 _aPodręczniki
700 1 _aMILLER, Chris
830 _aBiblioteka Problemów ;
020 _a8387150169
040 _cBPK
041 1 _apl
_hen
080 _a004.438SQL:004.6:004.056](07)
920 _a83-87150-16-9
942 _cKS
008 s pl f |000 0 pol
856 _uhttp://koha.tu.koszalin.pl/cgi-bin/koha/opac-detail.pl?biblionumber=37330
_yKatalog online BPK
999 _c37330
_d37330